Переработка железосодержащих отходов сернокислотного производства с использованием соединений аммония; XXV Менделеевская конференция молодых ученых, 19–25 апреля 2015 г., Томск

Podrobná bibliografie
Parent link:XXV Менделеевская конференция молодых ученых, 19–25 апреля 2015 г., Томск.— 2015.— [С. 107]
Hlavní autor: Смороков А. А. Андрей Аркадьевич
Korporativní autor: Национальный исследовательский Томский политехнический университет (ТПУ) Физико-технический институт (ФТИ) Кафедра химической технологии редких, рассеянных и радиоактивных элементов (№ 43) (ХТРЭ)
Další autoři: Крайденко Р. И. Роман Иванович (научный руководитель)
Shrnutí:Заглавие с экрана
Jazyk:ruština
Vydáno: 2015
Témata:
On-line přístup:http://www.chemeco.ru/netcat_files/File/TESIS-pdf.pdf#page=110
Médium: MixedMaterials Elektronický zdroj Kapitola
KOHA link:https://koha.lib.tpu.ru/cgi-bin/koha/opac-detail.pl?biblionumber=640924

MARC

LEADER 00000naa0a2200000 4500
001 640924
005 20250602171321.0
035 |a (RuTPU)RU\TPU\network\5802 
090 |a 640924 
100 |a 20150505d2015 k y0rusy50 ca 
101 0 |a rus 
102 |a RU 
135 |a drcn ---uucaa 
181 0 |a i  
182 0 |a b 
200 1 |a Переработка железосодержащих отходов сернокислотного производства с использованием соединений аммония  |f А. А. Смороков  |g науч. рук. Р. И. Крайденко 
203 |a Текст  |c электронный 
300 |a Заглавие с экрана 
320 |a [Библиогр.: с. 107 (2 назв.)] 
463 |t XXV Менделеевская конференция молодых ученых, 19–25 апреля 2015 г., Томск  |o сборник тезисов  |v [С. 107]  |d 2015 
610 1 |a электронный ресурс 
610 1 |a труды учёных ТПУ 
610 1 |a переработка 
610 1 |a отходы 
610 1 |a сернокислотное производство 
700 1 |a Смороков  |b А. А.  |c химик-технолог  |c старший преподаватель, младший научный сотрудник Томского политехнического университета  |f 1993-  |g Андрей Аркадьевич  |3 (RuTPU)RU\TPU\pers\33847  |9 17436 
702 1 |a Крайденко  |b Р. И.  |c химик-технолог  |c доцент Томского политехнического университета, старший научный сотрудник, кандидат химических наук  |f 1983-  |g Роман Иванович  |4 727 
712 0 2 |a Национальный исследовательский Томский политехнический университет (ТПУ)  |b Физико-технический институт (ФТИ)  |b Кафедра химической технологии редких, рассеянных и радиоактивных элементов (№ 43) (ХТРЭ)  |3 (RuTPU)RU\TPU\col\18733 
801 1 |a RU  |b 63413507  |c 20141010 
801 2 |a RU  |b 63413507  |c 20150505  |g RCR 
850 |a 63413507 
856 4 |u http://www.chemeco.ru/netcat_files/File/TESIS-pdf.pdf#page=110 
942 |c CF